• 首页
  • 本馆介绍
  • 公告通知
  • 最新文献
  • 馆藏检索
  • 电子资源
  • 读者导购
  • 参考咨询
  • 我的图书馆
  • 登录
  • 详细信息显示
  • 放入我的书架
  • 预约/预借图书
  • 作者相关作品
  • 分类相关作品
  • 丛书相关作品
  • 出版社相关作品

书目信息

  • 表格格式
  • 工作单格式
  • 卡片格式
题名:
大股东掏空与支持行为研究
    
 
作者: 杨婧 著
分册:  
出版信息: 北京   经济科学出版社  2013
页数: 155页
开本: 24cm
丛书名:
单 册:
中图分类: F279.246
科图分类:
主题词: 上市公司--股东--投资行为--研究--中国 , 上市公司 , 股东 , 投资行为
电子资源:
ISBN: 978-7-5141-4059-0
000 01076nam0 2200277 450
001 523
005 20140909093137.87
010    @a978-7-5141-4059-0@dCNY36.00
100    @a20140211d2013 em y0chiy50 ea
101 0  @achi
102    @aCN@b110000
105    @ay z 000yy
106    @ar
200 1  @a大股东掏空与支持行为研究@ADa Gu Dong Tao Kong Yu Zhi Chi Xing Wei Yan Jiu@e基于现金流量的视角@EJi Yu Xian Jin Liu Liang De Shi Jiao@f杨婧著@FYang Jing Zhu
210    @a北京@c经济科学出版社@d2013
215    @a155页@d24cm
330    @a本书对大股东的行为选择与大股东行为选择的经济后果两个层面进行研究,采用规范研究与实证研究相结合的方法,相继分析了大股东行为的理论基础、制度背景、作用机理,大股东的行为选择、行为选择的经济后果等内容。
517 1  @a基于现金流量的视角@AJi Yu Xian Jin Liu Liang De Shi Jiao
606 0  @a上市公司@x股东@x投资行为@x研究@y中国
606 0  @a上市公司
606 0  @a股东
606 0  @a投资行为
690    @aF279.246@v5
701  0 @a杨婧@AYang Jing@c(会计学)@4著
801  0 @aCN@bTANGWEI@c20140603
905    @b0839254-56@dF279.246@e1157@f3
    
    大股东掏空与支持行为研究:基于现金流量的视角/杨婧著.-北京:经济科学出版社,2013
    155页;24cm
    
    
    ISBN 978-7-5141-4059-0:CNY36.00
    本书对大股东的行为选择与大股东行为选择的经济后果两个层面进行研究,采用规范研究与实证研究相结合的方法,相继分析了大股东行为的理论基础、制度背景、作用机理,大股东的行为选择、行为选择的经济后果等内容。
●
相关链接 在E读中查询图书 在五车中查询图书 在当当中查询图书 在豆瓣中查询图书


正题名:大股东掏空与支持行为研究     索取号:F279.246/1157         预约/预借

序号 登录号 条形码 馆藏地/架位号 状态 备注
1 0839254   208392540   第一样本阅览室/ [索取号:F279.246/1157] 在馆    
2 0839255   208392559   第一借阅区/ [索取号:F279.246/1157] 在馆    
3 0839256   208392568   密集书库-海洋学院/ [索取号:F279.246/1157] 在馆    
唐山师范学院图书馆 欢迎您!
大连网信软件有限公司© 版权所有